Statistiques concernant Disney. Lettre R

Cliquez ici pour prendre le quiz!

Statistiques générales

  • Ce quiz a été pris 401 fois
  • Le résultat moyen est 14 sur 21

Statistiques - réponses

QuestionRéponse% Correct
Couleur du bandeau dans les cheveux de Blanche NeigeRouge
100%
Princesse à la chevelure magiqueRaiponce
96%
Plat cuisiné par un rat qui sert de titre au filmRatatouille
95%
Wall E, Carl, Ben ou encore Baymax en sontRobot
93%
Nick, Robin ou encore Rox en sontRenard
89%
Espèce d'animal représenté par SvennRenne
88%
Orhiane, Elinor ou encore Elsa sont desReines
87%
Prénom de ce rat qui cuisine le mot découvert juste au dessusRémy
86%
Personnage de jeu vidéo qui casse toutRalph
75%
Hubert, Stéphane ou encore Triton en sontRois
73%
Héroïne qui traine avec un dragon nommé SisuRaya
69%
Disney des années 70 où les deux noms des héros commencent par RRox et Rouky
68%
Dans Mary Poppins, métier de ceux qui chante " Chem Cheminée "Ramoneur
67%
Souris ami des Aristochats au nom de fromageRoquefort
61%
Tigre de compagnie de JasmineRajah
58%
Jeune fille qui a plusieurs personnages dans son cerveauRiley
58%
Maître de PongoRoger
46%
Nom du grand méchant dans PocahontasRatcliffe
37%
Bruce, Destinée ou encore l'enclume sont desRequins
37%
Méchant dans Basil détective privéRatigan
28%
Prénom du chien, protécteur d'Oliver à New-YorkRoublard
16%

Distribution des résultats

Percentile par nombre de réponses

% des personnes avec chaque résultat

Votre développement - résultats

Vous n’avez pas pris ce quiz